|
|
|
|
| LEADER |
00000naa0a2200000 4500 |
| 001 |
592449 |
| 005 |
20250828161618.0 |
| 035 |
|
|
|a (RuTPU)RU\TPU\tpu\4552
|
| 090 |
|
|
|a 592449
|
| 100 |
|
|
|a 20011210d1964 k||y0rusy50 ca
|
| 101 |
0 |
|
|a rus
|
| 102 |
|
|
|a RU
|
| 200 |
1 |
|
|a Выбор мощности двигателя для ионного электропривода с импульсным регулированием скорости вращения
|f Ю. М. Ачкасов, В. Н. Мишин
|
| 463 |
|
1 |
|t Тезисы докладов второй научно-технической конференции по вопросам автоматизации производства (9-12 мая 1963 г.)
|v С. 12-13
|d 1964
|
| 610 |
1 |
|
|a электрические машины
|
| 610 |
1 |
|
|a труды учёных ТПУ
|
| 610 |
1 |
|
|a электропривод
|
| 700 |
|
1 |
|a Ачкасов
|b Ю. М.
|
| 701 |
|
1 |
|a Мишин
|b В. Н.
|
| 801 |
|
0 |
|a RU
|b 63413507
|c 20011210
|g PSBO
|
| 801 |
|
2 |
|a RU
|b 63413507
|c 20071214
|g PSBO
|
| 942 |
|
|
|c BK
|